00178nam a2200073Ia 4500008004100000041000800041100001900049245003600068250605s9999 xx 000 0 und d aeng aKhushboo Singh aBajaj Allianz General Insurance